Culture Générale - Série 525 - Statistiques

Statistiques générales
  • Ce quiz a été pris 192 fois
  • Le résultat moyen est 6 sur 10
Statistiques - réponses
Question Réponse % Correct
Selon l'expression, à quels animaux donne-t-on de la confiture ? cochons
83%
Au restaurant, que mangerez-vous en commandant du chaource ? fromage
80%
Quel joueur de rugby français a été surnommé "Attila" pendant la Coupe du monde 2007 ? Sébastien Chabal
78%
Qui est l'équivalent du dieu grec Zeus dans la mythologie romaine ? Jupiter
75%
Quel département porte le numéro 2B ? Haute-Corse
73%
Quel auteur, prénommé Jean, a écrit "Britannicus" ? Racine
60%
Sous quel pseudonyme connaît-on mieux le comédien Jean Alexis Moncorgé ? Jean Gabin
46%
Selon l'expression, quelle monnaie associe-t-on au sansonnet pour évoquer une chose insignifiante ? roupie
38%
Sur quelle petite île de la baie de New York la statue de la Liberté est-elle située ? Liberty Island
30%
Quel personnage forme avec Gisèle le duo comique des Vamps ? Lucienne
17%
Aucun quiz correspondant
Distribution des résultats
% des personnes avec chaque résultat
Percentile par nombre de réponses
Votre historique - résultats
Vous n’avez pas pris ce quiz